000 00322 a2200145 4500
001 165862
020 _a
040 _cMagnum
100 _aViney, Peter
240 1 0 _aStrawberry and the sensations
_lING
245 1 0 _aStrawberry and the sensations
362 0 _a1899
697 _aLITERATURA ESTRANGEIRA
942 _cBK
999 _c165862
_d165862